| 000 | 00919nam a22002655a 4500 | ||
|---|---|---|---|
| 005 | 20150810145153.0 | ||
| 008 | 150624r20142009ii a fr 001 0 eng d | ||
| 020 | _a9788126549269 | ||
| 040 |
_aEG-ScBUE _beng _cEG-ScBUE |
||
| 082 | 0 | 4 |
_a621.3825 _bMAR _222 |
| 100 | 1 |
_aMaral, Gérard. _938296 |
|
| 245 | 1 | 0 |
_aSatellite communications systems : _bsystems, techniques and technology / _cGérard Maral, Michel Bousquet. |
| 250 | _a5th ed., Reprint. | ||
| 260 |
_aNew Delhi : _bJohn Wiley & Sons, _c2014. |
||
| 300 |
_axxvii, 713 p. : _bill. ; _c25 cm. |
||
| 500 | _aIndex : p. 697-713. | ||
| 500 | _aReprint of the 2009 ed. | ||
| 504 | _aIncludes bibliographical references. | ||
| 650 | 0 |
_aArtificial satellites in telecommunication. _2BUEsh _910184 |
|
| 651 | _2BUEsh | ||
| 653 |
_bENGGEN _cJune2015 _cAugust2015 |
||
| 655 |
_vreading book _934232 |
||
| 700 | 1 | _aBousquet, Michel. | |
| 942 |
_2ddc _k621.3825 MAR |
||
| 999 |
_c19850 _d19822 |
||